000 00706nam a22002177a 4500
003 OSt
005 20251125113202.0
008 251125b |||||||| |||| 00| 0 eng d
020 _a978-621-451-013-9
040 _aDWC-Main lib
_cOC
082 _aFil. 428.004 T255 2021
100 _aBacus, Remedious
245 _a The Teaching and Assessment of Grammar/
_cRemedious Bacus
260 _a Quezon City :
_bLorimar Publishing inc.,
_cc2021.
300 _axiv, 74 pages :
_billustrations ;
_c26cm.
650 _a1. English language -- Grammar-- Study and teaching
700 _aRivika C. Alda
700 _aLelani C. Dapat
700 _aFilomena T. Dayagbil
942 _2ddc
_cBK - FIL
_kFil.
_n0
999 _c6244
_d6244